| 000 | 00993nam a22003017a 4500 | ||
|---|---|---|---|
| 001 | BR9503009 | ||
| 003 | BR-BrBNA | ||
| 005 | 20230928094442.0 | ||
| 007 | ta | ||
| 008 | 230509b bl.||||| |||| 00| 0 por d | ||
| 040 |
_aBR-BrBNA _bpor _cBiblioteca Nacional de Agricultura |
||
| 041 | _a(Por) | ||
| 072 |
_aF62; F61; P34 _b1050 |
||
| 090 | _ 1050 BR9503009 | ||
| 100 | 1 | _aRocha, M.R. da | |
| 110 | 1 |
_aEscola Superior de Agricultura de Lavras, MG (Brasil) _0Tese (Mestre em Fitotecnia) |
|
| 245 | 1 | _aCrescimento e nutricao da tangerina Cleopata fertilizada com doses de superfosfato simples e inoculada com fungos micorrizicos, ate a repicagem | |
| 260 | 3 |
_aLavras, MG (Brasil): _c1992. |
|
| 300 | _a87 p. | ||
| 500 | _a18 tables; 6 graphs; Bibliography p. 70-82 (66 ref.); Summaries (Eng, Por) | ||
| 650 | _aTangerina | ||
| 650 | _aCrescimento | ||
| 650 | _aNutricao | ||
| 650 | _aFertilizante | ||
| 650 | _aMicorriza | ||
| 909 |
_a202309 _bLucia _c55 _dLucia Elande |
||
| 942 | _cBK | ||
| 999 |
_c50806 _d50806 |
||